Las Universidades privadas en Costa Rica, su imagen y público en los años 90
Salvato in:
| Autore principale: | |
|---|---|
| Ente Autore: | |
| Natura: | testo |
| Pubblicazione: |
San José:
CSUCA
|
| Soggetti: | |
| Tags: |
Aggiungi Tag
Nessun Tag, puoi essere il primo ad aggiungerne!!
|
MARC
| LEADER | 00000 a a2200000 04500 | ||
|---|---|---|---|
| 001 | 26659 | ||
| 003 | |||
| 040 | |||
| 090 | |a 149300 | ||
| 100 | |a Lázaro, Luis Armando | ||
| 110 | |a CSUCA. Secretaría Permanente | ||
| 245 | |a Las Universidades privadas en Costa Rica, su imagen y público en los años 90 | ||
| 260 | |a San José: |b CSUCA | ||
| 300 | |a 184 p | ||
| 650 | |a UNIVERSIDADES | ||
| 650 | |a ENSEÑANZA PRIVADA | ||
| 650 | |a ENCUESTAS | ||
| 650 | |a ESTUDIANTES | ||
| 650 | |a ASPECTOS SOCIALES | ||
| 650 | |a ASPECTOS PSICOLOGICOS | ||
| 650 | |a CAMBIO SOCIAL | ||
| 650 | |a CALIDAD DE LA EDUCACION | ||
| 650 | |a HISTORIA DE LA EDUCACION | ||
| 650 | |a SOCIOLOGIA DE LA EDUCACION | ||
| 650 | |a MEDIOS DE COMUNICACION | ||
| 650 | |a METODOLOGIA | ||
| 650 | |a ESTUDIANTES | ||
| 650 | |a DISTRIBUCION EDAD Y SEXO | ||
| 650 | |a OPINION | ||
| 650 | |a UNIVERSIDADES | ||
| 650 | |a ENSEÑANZA PRIVADA | ||
| 650 | |a CALIDAD DE LA EDUCACION | ||
| 999 | |c 12329 |d 12329 | ||
